000 00810 a2200241 4500
003 Nust
005 20221221104457.0
010 _a 95079140
020 _a0669332003
035 _a(OCoLC)35096349
040 _cNust
082 0 0 _a320.917,PYE
245 0 0 _aAspects of Political Development /
_cLucian W. Pye
260 _aLahore
_bAllah Wala Printers
_cc1996.
300 _axiii, 205 p;
_bill., maps ;
_c24 cm.
505 _aPART-1: The General Issues of Political Development (Page-3), PART-II: Particular Issues in Political Development (Page-71).
650 0 _aComparative economics.
_9105456
650 0 _aComparative government.
_91703
700 1 _aJoseph, William A.
_9105252
700 1 _aKesselman, Mark.
_942721
700 1 _aKrieger, Joel,
_d1951-
_9105253
942 _2ddc
_cBK
_k320.917,PYE
999 _c184914
_d184914